|
|
|
|
| LEADER |
00000nab a2200000 4500 |
| 001 |
vtls011770872 |
| 003 |
SK-MaSNL |
| 005 |
20260318114439.0 |
| 008 |
180806c2018 xo er|n || ||00 c0ukr |
| 015 |
|
|
|a SNBRB2018/08
|
| 038 |
|
|
|a SVKPOCL
|
| 040 |
|
|
|a SVKPOCL
|b slo
|c SVKPOCL
|e rda
|
| 041 |
0 |
|
|a ukr
|
| 044 |
|
|
|a xo
|c SK
|
| 072 |
|
7 |
|a 316.7
|x Sociológia kultúry. Kultúrny život
|2 konspekt
|
| 072 |
|
7 |
|a 398
|x Folklór
|2 konspekt
|
| 080 |
|
|
|a 783.65:7.091
|2 2011
|
| 080 |
|
|
|a 7.091
|2 2011
|
| 080 |
|
|
|a (437.6)
|2 2011
|
| 080 |
|
|
|a 78.087.68
|2 2011
|
| 080 |
|
|
|a 394.2
|2 2011
|
| 080 |
|
|
|a 316.022.4(=161.2)(437.6):394.21
|2 2011
|
| 080 |
|
|
|a 793.31
|2 2011
|
| 080 |
|
|
|a 785.6
|2 2011
|
| 080 |
|
|
|a 398.332.4
|2 2011
|
| 100 |
1 |
|
|a Dovhovyč, Svjatoslav
|4 aut
|9 11509
|
| 245 |
1 |
0 |
|a Neperesična impreza
|b «Karpaty» i «Plast» vitaly Novyj rik za juliss'kym kalendarem
|c Svjatoslav Dovhovyč ; foto Myroslav Vacula
|
| 300 |
|
|
|b Fotografie
|
| 336 |
|
|
|a text
|b txt
|2 rdacontent
|
| 337 |
|
|
|a bez média
|b n
|2 rdamedia
|
| 338 |
|
|
|a zväzok
|b nc
|2 rdacarrier
|
| 500 |
|
|
|a V rubrike Tradyciji
|
| 600 |
1 |
7 |
|a Dovhovičová, Helena,
|d 1947-
|2 svkpocl
|9 1212220
|
| 600 |
1 |
7 |
|a Petruško, Martin,
|d 1973-
|2 svkpocl
|9 1111449
|
| 600 |
1 |
7 |
|a Hončarevs'ka, Svitlana Mykolajivna
|2 svkpocl
|9 1324770
|
| 600 |
1 |
7 |
|a Holodňák, Ján,
|d 1963-
|2 svkpocl
|9 1097865
|
| 600 |
1 |
7 |
|a Jakubov, Ján
|2 svkpocl
|9 892829
|
| 600 |
1 |
7 |
|a Brada, Ladislav
|2 svkpocl
|9 1630464
|
| 600 |
1 |
7 |
|a Buraš, Eduárd
|2 svkpocl
|9 472840
|
| 600 |
1 |
7 |
|a Sačko, Mychajlo
|2 svkpocl
|9 1602631
|
| 600 |
1 |
7 |
|a Baloh, Viktorija
|2 svkpocl
|9 1630465
|
| 600 |
1 |
7 |
|a Dubenko, Olesja Borysivna,
|d 1974-
|2 svkpocl
|9 1212244
|
| 600 |
1 |
7 |
|a Hvozd, Alina
|2 svkpocl
|9 1630466
|
| 600 |
1 |
7 |
|a Karpinec, Nadija
|2 svkpocl
|9 1630467
|
| 600 |
1 |
7 |
|a Štec, Štefan,
|d 1987-
|2 svkpocl
|9 1109923
|
| 600 |
1 |
7 |
|a Mikuš, Martin
|2 svkpocl
|9 453970
|
| 600 |
1 |
7 |
|a Kákoni, Rajmund,
|d 1950-
|2 SNKMA
|9 106902
|
| 600 |
1 |
7 |
|a Garjanská, Ľudmila,
|d 1957-
|2 svkpocl
|9 1235811
|
| 600 |
1 |
7 |
|a Bobriková, Zuzana
|2 svkpocl
|9 340855
|
| 600 |
1 |
7 |
|a Raši, Richard,
|d 1971-
|2 SNKMA
|9 121659
|
| 600 |
1 |
7 |
|a Lenártová, Renáta,
|d 1972-
|2 svkpocl
|9 1101741
|
| 610 |
2 |
7 |
|a Zväz Rusínov-Ukrajincov Slovenskej republiky.
|b Regionálna rada (Košice, Slovensko)
|2 SNKKA
|9 212402
|
| 610 |
2 |
7 |
|a Karpaty (spevácky zbor)
|2 svkpocl
|9 34392
|
| 610 |
2 |
7 |
|a Klub Zemplínčanov (Košice, Slovensko)
|2 svkpocl
|9 570911
|
| 610 |
2 |
7 |
|a Hudobno-dramatický súbor Tarasa Ševčenka (Bratislava, Slovensko)
|2 svkpocl
|9 890013
|
| 610 |
2 |
7 |
|a Džereľcja Karpat (ukrajinský detský tanečný súbor : Užhorod, Ukrajina)
|2 svkpocl
|9 1630468
|
| 610 |
2 |
7 |
|a Rapsodija (inštrumentálny súbor : Užhorod, Ukrajina)
|2 svkpocl
|9 1212246
|
| 610 |
2 |
7 |
|a Albion (hudobno-spevácka skupina : Prešov, Slovensko)
|2 svkpocl
|9 1630469
|
| 610 |
2 |
7 |
|a PLAST (rusínsko-ukrajinská mládežnícka organizácia : Košice, Slovensko)
|2 svkpocl
|9 1242874
|
| 611 |
2 |
7 |
|a «Melankin večer»
|n (27. :
|d 2018 :
|c Košice, Slovensko)
|2 svkpocl
|9 1630470
|
| 648 |
|
7 |
|a 13.1.2018
|2 svkpocl
|9 1086283
|
| 648 |
|
7 |
|a 14.1.2018
|2 svkpocl
|9 1324519
|
| 650 |
0 |
7 |
|a duchovné piesne
|2 SNKPH
|9 1928
|
| 650 |
0 |
7 |
|a zborový spev
|2 SNKPH
|9 3196
|
| 650 |
0 |
7 |
|a ľudové tance
|2 SNKPH
|9 3311
|
| 650 |
0 |
7 |
|a rusínske piesne
|2 svkpocl
|9 327398
|
| 650 |
0 |
7 |
|a ukrajinské piesne
|2 SNKPH
|9 3455
|
| 650 |
0 |
7 |
|a kultúrne podujatia
|2 SNKPH
|9 71676
|
| 650 |
0 |
7 |
|a koncerty
|2 SNKPH
|9 19182
|
| 651 |
|
7 |
|a Košice (Slovensko)
|2 SNKPH
|9 18694
|
| 651 |
|
7 |
|a Slovensko
|2 SNKPHgeo
|9 14231
|
| 651 |
|
7 |
|a Ukrajina
|2 SNKPHgeo
|9 168045
|
| 700 |
1 |
|
|a Vacula, Myroslav
|4 pht
|9 1577689
|
| 773 |
0 |
|
|t Nove žyttja
|g Roč. 68, č. 1-2 (2018), s. 5
|
| 852 |
|
|
|a SVKPO
|b KIS3GCP
|
| 958 |
|
|
|a SK
|
| 958 |
|
|
|a UK
|
| 958 |
|
|
|a UA
|
| 958 |
|
|
|a SS
|
| 999 |
|
|
|c 3364021
|d 3365951
|